• 首页
  • 本馆介绍
  • 公告通知
  • 最新文献
  • 馆藏检索
  • 电子资源
  • 读者导购
  • 参考咨询
  • 我的图书馆
  • 登录
  • 详细信息显示
  • 放入我的书架
  • 预约/预借图书
  • 作者相关作品
  • 分类相关作品
  • 丛书相关作品
  • 出版社相关作品

书目信息

  • 表格格式
  • 工作单格式
  • 卡片格式
题名:
当代西方国家政治制度
    
 
作者: 王为 , 王春英 , 唐晓 著
分册:  
出版信息: 北京   世界知识出版社  2005
页数: 406页
开本: 20cm
丛书名:
单 册:
中图分类: D521
科图分类:
主题词: 政治制度 , 政治制度--西方国家
电子资源:
ISBN: 7-5012-2754-3
000 00941nam0 2200265 450
001 010700016963
005 20061117083327.57
010    @a7-5012-2754-3@dCNY23.00
100    @a20060218d2005 em y0chiy0110 ea
101 0  @achi
102    @aCN@b110000
105    @ay z 000yy
200 1  @a当代西方国家政治制度@9dang dai xi fang guo jia zheng zhi zhi du@f唐晓,王为,王春英著
205    @a修订版
210    @a北京@c世界知识出版社@d2005
215    @a406页@d20cm
330    @a本书内容包括:当代西方国家政治制度概述、当代西方国家宪法、当代西方国家的选举制度、当代西方国家的政党制度、当代西方国家的议会制度、当代西方国家的行政制度、当代西方国家的司法制度、当代西方国家的社会监督制度。
606 0  @a政治制度
606 0  @a政治制度@y西方国家
690    @aD521@v4
701  0 @a王为@9wang wei@4著
701  0 @a王春英@9wang chun ying@4著
701  0 @a唐晓@9tang xiao@4著
801  0 @aCN@bRENTIAN@c20061117
905    @a10447@dD521@e137=2
    
    当代西方国家政治制度/唐晓,王为,王春英著.-修订版.-北京:世界知识出版社,2005
    406页;20cm
    
    
    ISBN 7-5012-2754-3:CNY23.00
    本书内容包括:当代西方国家政治制度概述、当代西方国家宪法、当代西方国家的选举制度、当代西方国家的政党制度、当代西方国家的议会制度、当代西方国家的行政制度、当代西方国家的司法制度、当代西方国家的社会监督制度。
●
相关链接 在E读中查询图书 在五车中查询图书 在当当中查询图书 在豆瓣中查询图书


正题名:当代西方国家政治制度     索取号:D521/137=2         预约/预借

序号 登录号 条形码 馆藏地/架位号 状态 备注
1 0389687   203896873   第一样本阅览室/ [索取号:D521/137=2] 在馆    
2 0389688   203896882   第一借阅区/ [索取号:D521/137=2] 在馆    
3 0389689   203896891   第一借阅区/ [索取号:D521/137=2] 在馆    
4 0389690   203896908   第一借阅区/ [索取号:D521/137=2] 在馆    
5 0389691   203896917   第一借阅区/ [索取号:D521/137=2] 在馆    
唐山师范学院图书馆 欢迎您!
大连网信软件有限公司© 版权所有